[Event "Open Nuevo Centro. Jornada 3"]
[Site "Chess.com"]
[Date "2020.07.03"]
[Round "5"]
[White "Garcia, Jhoel"
[Black "Valma�a Cant�, Jaime"
[Result "1-0"]
[WhiteElo "2337"]
[BlackElo "2400"]
[PlyCount "109"]
[EventDate "2020.??.??"]
1. d4 Nf6 2. c4 g6 3. Nc3 Bg7 4. e4 d6 5. Nf3 O-O 6. Be2 Nbd7 7. O-O e5 8. Be3
Re8 9. d5 Nh5 10. Re1 Nf4 11. Bf1 Nf6 12. c5 Bg4 13. cxd6 cxd6 14. g3 Nh3+ 15.
Kg2 Nh5 16. Be2 f5 17. exf5 gxf5 18. Ng1 Bxe2 19. Qxe2 N5f4+ 20. Bxf4 Nxg1 21.
Kxg1 exf4 22. Qb5 fxg3 23. hxg3 Re5 24. Rxe5 Bxe5 25. Qd3 Qf6 26. Re1 Rc8 27.
Ne2 Bxb2 28. Nf4 Be5 29. Ne6 Rc3 30. Qb5 Qe7 31. Qb4 Rc8 32. Rxe5 Rc1+ 33. Re1
a5 34. Qd2 Rc8 35. Rc1 Re8 36. Rc7 Qf6 37. Rg7+ Kh8 38. Rxb7 Qa1+ 39. Kg2 Qe5
40. Rb2 Rg8 41. Rc2 f4 42. Nxf4 Qe4+ 43. Kg1 Rg5 44. Qc3+ Kg8 45. Qc8+ Kf7 46.
Qd7+ Kf6 47. Qxd6+ Kf5 48. Qe6+ Qxe6 49. dxe6 Rg7 50. Rc5+ Ke4 51. Rxa5 Kf3 52.
Ra3+ Kg4 53. Re3 Re7 54. Nd5 Re8 55. Nf6+ 1-0

[Event "Open Nuevo Centro. Jornada 3"]
[Site "Chess.com"]
[Date "2020.07.03"]
[Round "5"]
[White "Mart�nez Escandell, Alfonso"
[Black "Cantero Navarro, Antonio"
[Result "1/2-1/2"]
[WhiteElo "1727"]
[BlackElo "1856"]
[PlyCount "130"]
[EventDate "2020.??.??"]
1. e4 c5 2. Nf3 Nc6 3. d4 cxd4 4. Nxd4 g6 5. Nc3 Bg7 6. Be3 Nf6 7. Be2 O-O 8.
Qd2 d5 9. Nxc6 bxc6 10. Rd1 e6 11. Bc5 Re8 12. f4 Nd7 13. Bf2 Qa5 14. e5 Rb8
15. b3 f6 16. exf6 Bxf6 17. Na4 Qxd2+ 18. Rxd2 Nb6 19. Nxb6 axb6 20. O-O e5 21.
fxe5 Bxe5 22. c4 Be6 23. cxd5 Bxd5 24. Bf3 Bxf3 25. gxf3 Rf8 26. Bg3 Rbe8 27.
Bxe5 Rxe5 28. Rd6 Rg5+ 29. Kf2 Rc5 30. Re1 Rc2+ 31. Re2 Rc3 32. Re3 Rc2+ 33.
Kg3 b5 34. a4 bxa4 35. bxa4 Rc5 36. Ra3 Rg5+ 37. Kf2 Rc5 38. a5 Ra8 39. a6 Rc2+
40. Kg3 Rc5 41. a7 Rb5 42. Rxc6 Rb7 43. Rca6 Kg7 44. h4 Kh6 45. Kg4 Rb4+ 46. f4
Rb7 47. h5 Kg7 48. hxg6 hxg6 49. R3a5 Rc7 50. Kg5 Kh7 51. Rxg6 Raxa7 52. Rxa7
Rxa7 53. f5 Rg7 54. Kf6 Ra7 55. Rg1 Ra6+ 56. Ke5 Ra5+ 57. Ke4 Ra4+ 58. Ke3 Ra3+
59. Kd4 Ra4+ 60. Kc3 Rf4 61. Rg5 Kh6 62. Rg6+ Kh5 63. Rf6 Kg5 64. Rf8 Rxf5 65.
Rxf5+ Kxf5 1/2-1/2

[Event "Open Nuevo Centro. Jornada 3"]
[Site "Chess.com"]
[Date "2020.07.03"]
[Round "5"]
[White "URSARIU, NIKOLAS VICTOR"
[Black "Sim� Serrano, Javier"
[Result "1-0"]
[WhiteElo "1023"]
[BlackElo "660"]
[PlyCount "119"]
[EventDate "2020.??.??"]
1. e4 e5 2. Nf3 Nc6 3. Nc3 Bc5 4. Bc4 h6 5. O-O d6 6. d3 Be6 7. Bb3 Nf6 8. Be3
Bb6 9. d4 Bxd4 10. Bxd4 exd4 11. Nxd4 Nxd4 12. Qxd4 Bxb3 13. axb3 c5 14. Qd3
Ng4 15. h3 c4 16. Qxc4 Ne5 17. Qd4 g5 18. Rfd1 Ke7 19. Rxa7 Rxa7 20. Qxa7 Ke8
21. Qxb7 g4 22. hxg4 Nxg4 23. Qc6+ Ke7 24. e5 Nxe5 25. Qb7+ Nd7 26. Qc6 Ne5 27.
Qe4 Ke8 28. Qd5 Ke7 29. Nb5 Qb6 30. Qxd6+ Qxd6 31. Rxd6 Ng4 32. c4 Rc8 33. f3
Ne3 34. Rxh6 Nf5 35. Rh5 Ng7 36. Rd5 Ne6 37. Nd4 Nf4 38. Rf5 Ng6 39. b4 Nh4 40.
Rf4 Ng6 41. Rg4 Rxc4 42. Nf5+ Kf6 43. Rxc4 Nf4 44. b5 Kxf5 45. b6 Nd5 46. b7
Ne3 47. Rb4 Nd5 48. Rd4 Ke5 49. Rd1 Ne3 50. Re1 Kd4 51. b8=Q Nc2 52. Qd6+ Kc4
53. Re4+ Nd4 54. Qxd4+ Kb5 55. Re5+ Kc6 56. Qf4 Kd7 57. Qf6 Kc7 58. Re7+ Kd8
59. Qxf7 Kc8 60. Qf8# 1-0

[Event "Open Nuevo Centro. Jornada 3"]
[Site "Chess.com"]
[Date "2020.07.03"]
[Round "5"]
[White "Valverde Caballero, Rafael"
[Black "Martinez Hernandez, Paula"
[Result "0-1"]
[WhiteElo "1861"]
[BlackElo "2042"]
[PlyCount "154"]
[EventDate "2020.??.??"]
1. c4 f5 2. e4 fxe4 3. d3 Nf6 4. Nc3 d5 5. dxe4 d4 6. Nd5 c5 7. Bd3 Nc6 8.
Nxf6+ exf6 9. Qh5+ g6 10. Qf3 Ne5 11. Qe2 b5 12. f4 Nxd3+ 13. Qxd3 bxc4 14.
Qxc4 Be7 15. Nf3 Qa5+ 16. Bd2 Qb6 17. e5 Be6 18. Qa4+ Bd7 19. Qc4 Qxb2 20. Rc1
Qb5 21. Qd5 Bc6 22. Qe6 Bd7 23. Qd5 Rd8 24. exf6 Bxf6 25. Qe4+ Kf7 26. Ne5+ Kg7
27. Qe2 Qxe2+ 28. Kxe2 Rhe8 29. Kf2 Bxe5 30. fxe5 Rxe5 31. Rhf1 Rf8+ 32. Kg1
Rxf1+ 33. Rxf1 Be6 34. Rb1 Bxa2 35. Ra1 Bd5 36. Rxa7+ Kg8 37. Bh6 Re2 38. Rd7
Bf7 39. Rd8+ Re8 40. Rd7 c4 41. Rxd4 c3 42. Rd3 Rc8 43. Rd1 c2 44. Rc1 Bd5 45.
g3 Kf7 46. Kf2 Rc5 47. Ke3 Rc4 48. Kd2 Be4 49. Rf1+ Bf5 50. Kc1 Ke6 51. Re1+
Kd5 52. Bg7 Re4 53. Rf1 Re2 54. Bh6 Kc4 55. h4 Rg2 56. Rf4+ Kd3 57. Rf3+ Ke2
58. Re3+ Kf2 59. Rc3 Rg1+ 60. Kb2 Rb1+ 61. Ka2 Ke2 62. Bf4 Rb7 63. Bg5 Rb4 64.
Bf4 Rxf4 65. gxf4 Kd2 66. Kb2 Be4 67. Rc4 Bf5 68. Rc5 h5 69. Rc4 Ke3 70. Rb4
Kf3 71. Rc4 Kg4 72. Kc1 Kxh4 73. Kd2 Kg3 74. Ke1 h4 75. Kf1 h3 76. Kg1 h2+ 77.
Kh1 Be4+ 0-1

[Event "Open Nuevo Centro. Jornada 3"]
[Site "Chess.com"]
[Date "2020.07.03"]
[Round "5"]
[White "Cruz LLedo, Pablo"
[Black "Remolar Gallen, Jose"
[Result "0-1"]
[WhiteElo "2515"]
[BlackElo "2329"]
[PlyCount "148"]
[EventDate "2020.??.??"]
1. g3 Nf6 2. Bg2 g6 3. Nf3 Bg7 4. O-O O-O 5. d4 d6 6. c4 Nc6 7. Nc3 a6 8. h3
Bd7 9. e4 e5 10. d5 Nd4 11. Nxd4 exd4 12. Qxd4 Qc8 13. Qd3 Bxh3 14. Bg5 Qg4 15.
Bd2 Qh5 16. Bxh3 Qxh3 17. Qf3 Rae8 18. Rae1 Ng4 19. Qg2 Qh5 20. b3 Ne5 21. f3
Nd3 22. Ne2 Nxe1 23. Bxe1 Qg5 24. Bf2 c5 25. dxc6 bxc6 26. Rd1 Rd8 27. Nf4 Rfe8
28. Be3 Qa5 29. Qf2 Rd7 30. Kg2 Qc3 31. Rd3 Qb2 32. Rd2 Qa1 33. Qe2 a5 34. Rd1
Qb2 35. Rd2 Qa3 36. Nd3 c5 37. Nxc5 dxc5 38. Rxd7 a4 39. Rd3 axb3 40. Rxb3 Qa6
41. Bxc5 Rc8 42. Bf2 h5 43. Rb1 Rxc4 44. Rb8+ Kh7 45. Rb4 Rc6 46. Qxa6 Rxa6 47.
a4 Bf8 48. Rc4 Kg7 49. f4 f6 50. Kf3 g5 51. e5 fxe5 52. fxe5 Kg6 53. Ke4 Be7
54. Kd5 Kf5 55. Bc5 Ra5 56. e6 h4 57. gxh4 gxh4 58. Kc6 Bxc5 59. Rxh4 Kxe6 60.
Rh6+ Ke5 61. Rh5+ Kd4 62. Rh4+ Kc3 63. Rh3+ Kb4 64. Rh4+ Ka3 65. Rh5 Kb4 66.
Rh4+ Ka3 67. Rh5 Ra6+ 68. Kxc5 Ra5+ 69. Kb6 Rxh5 70. a5 Kb4 71. a6 Rh6+ 72. Kb7
Kb5 73. a7 Rh7+ 74. Ka8 Kb6 0-1

[Event "Open Nuevo Centro. Jornada 3"]
[Site "Chess.com"]
[Date "2020.07.03"]
[Round "5"]
[White "Pallardo Lozoya, Jose Vicente"
[Black "Macias Pino, Diego"
[Result "1/2-1/2"]
[WhiteElo "2213"]
[BlackElo "2203"]
[PlyCount "174"]
[EventDate "2020.??.??"]
1. e4 c6 2. d4 d5 3. Nc3 dxe4 4. Nxe4 Bf5 5. Ng3 Bg6 6. Nh3 Nf6 7. c3 e6 8. Bc4
Bd6 9. O-O Qc7 10. f4 Nbd7 11. f5 Bxg3 12. hxg3 Bxf5 13. Ng5 Nb6 14. Bb3 O-O
15. Bf4 Qd7 16. Qe2 c5 17. Rad1 Bg4 18. Nf3 cxd4 19. Rxd4 Qc6 20. Be5 Nbd7 21.
Bd6 Rfd8 22. Qe3 Bxf3 23. Rxf3 Nb6 24. Be5 Rxd4 25. Qxd4 Nbd7 26. Bf4 Qb6 27.
Qxb6 Nxb6 28. Be3 Nbd5 29. Bd4 b5 30. Rf2 a5 31. Re2 Rc8 32. a3 Kf8 33. Bc2 g6
34. Bd3 Rb8 35. Bc5+ Ke8 36. c4 bxc4 37. Bxc4 Kd7 38. a4 Nc7 39. Rf2 Nce8 40.
Bb5+ Kc7 41. Rc2 Kb7 42. Be3 Nd5 43. Bd2 Nec7 44. Bc6+ Ka6 45. Be1 Nb4 46. Bxb4
Rxb4 47. Bd7 Nd5 48. Bc6 Ne7 49. Be8 f5 50. Rc7 Rb7 51. Bb5+ Ka7 52. Rc5 Nd5
53. Bc4 Rxb2 54. Bxd5 exd5 55. Rxa5+ Kb6 56. Rxd5 Kc6 57. Re5 Kd6 58. Ra5 Ra2
59. Ra7 Ke6 60. Kh2 Kf6 61. Kg1 h5 62. a5 Kg5 63. Kh2 h4 64. gxh4+ Kxh4 65. a6
Kg4 66. Ra8 g5 67. a7 f4 68. Rb8 Rxa7 69. Rb2 Ra3 70. Rc2 Kh4 71. Rb2 g4 72.
Rb1 g3+ 73. Kg1 Kg4 74. Rc1 Ra2 75. Rb1 Ra6 76. Rc1 Re6 77. Rb1 Re4 78. Ra1 f3
79. gxf3+ Kxf3 80. Ra3+ Kf4 81. Ra1 Re2 82. Ra8 Rb2 83. Rf8+ Kg4 84. Rg8+ Kf3
85. Rf8+ Kg4 86. Rg8+ Kf3 87. Rf8+ Kg4 1/2-1/2

[Event "Open Nuevo Centro. Jornada 3"]
[Site "Chess.com"]
[Date "2020.07.03"]
[Round "6"]
[White "Alvarez Usina, Joan"
[Black "Hern�ndez Tom�s, Efr�n"
[Result "0-1"]
[WhiteElo "683"]
[BlackElo "987"]
[PlyCount "24"]
[EventDate "2020.??.??"]
1. d4 e6 2. Bf4 d5 3. e3 Nc6 4. Nf3 Nf6 5. Ne5 Nxe5 6. Bxe5 Be7 7. Bd3 O-O 8.
Bxf6 Bxf6 9. Qh5 g6 10. Qh6 Bg7 11. Qh3 e5 12. dxe5 Bxh3 0-1

[Event "Open Nuevo Centro. Jornada 3"]
[Site "Chess.com"]
[Date "2020.07.03"]
[Round "6"]
[White "Donate Moreno, David"
[Black "Fitzpatrick Dimas  , Andrew "
[Result "1-0"]
[WhiteElo "1538"]
[BlackElo "1064"]
[PlyCount "27"]
[EventDate "2020.??.??"]
1. e4 e5 2. Nf3 Nc6 3. Bc4 Bc5 4. c3 Nf6 5. d4 exd4 6. O-O dxc3 7. e5 cxb2 8.
Bxb2 Ng4 9. Qd5 O-O 10. Qxc5 d6 11. exd6 cxd6 12. Qh5 Qf6 13. Bxf6 gxf6 14. Bd3

[Event "Open Nuevo Centro. Jornada 3"]
[Site "Chess.com"]
[Date "2020.07.03"]
[Round "6"]
[White "Salvador Buiza, Victor"
[Black "Fern�ndez Martin, Carlos"
[Result "1-0"]
[WhiteElo "1838"]
[BlackElo "1610"]
[PlyCount "43"]
[EventDate "2020.??.??"]
1. e4 c5 2. Nf3 d6 3. Bb5+ Nc6 4. O-O Bd7 5. c3 a6 6. Bxc6 Bxc6 7. Re1 e6 8. d4
cxd4 9. cxd4 Nf6 10. Bg5 Be7 11. Nc3 O-O 12. Rc1 Qb6 13. Qd2 Rac8 14. d5 exd5
15. exd5 Nxd5 16. Nxd5 Bxd5 17. Qxd5 Bxg5 18. Nxg5 Qxb2 19. Rxc8 Rxc8 20. Qxf7+
Kh8 21. Re8+ Rxe8 22. Qxe8# 1-0

[Event "Open Nuevo Centro. Jornada 3"]
[Site "Chess.com"]
[Date "2020.07.03"]
[Round "6"]
[White "Cebolla Ruiz, David"
[Black "M�ndez Gim�nez , N�stor Emmanuel"
[Result "1-0"]
[WhiteElo "1544"]
[BlackElo "1146"]
[PlyCount "33"]
[EventDate "2020.??.??"]
1. e4 e6 2. d4 c5 3. Nf3 Nc6 4. Be3 Qb6 5. Nc3 Qxb2 6. Nb5 Qb4+ 7. Bd2 Qb2 8.
Nc7+ Kd8 9. Nxa8 Nxd4 10. Nxd4 cxd4 11. Qc1 Qb6 12. Nxb6 axb6 13. Qb2 Nf6 14.
Qxb6+ Ke8 15. Qc7 Ke7 16. Bb4+ Ke8 17. Qxc8# 1-0

[Event "Open Nuevo Centro. Jornada 3"]
[Site "Chess.com"]
[Date "2020.07.03"]
[Round "6"]
[White "Lopez Mateo, Juan Carlos"
[Black "Mart�nez Escandell, Alfonso"
[Result "1-0"]
[WhiteElo "2037"]
[BlackElo "1725"]
[PlyCount "43"]
[EventDate "2020.??.??"]
1. e4 c5 2. Nf3 e6 3. b4 cxb4 4. a3 bxa3 5. d4 d5 6. e5 Nc6 7. c3 Qb6 8. Bxa3
Bxa3 9. Nxa3 Nge7 10. Bd3 a6 11. Nb5 O-O 12. O-O Bd7 13. Bxh7+ Kxh7 14. Ng5+
Kg8 15. Qh5 Rfc8 16. Qxf7+ Kh8 17. Nd6 Qd8 18. Qh5+ Kg8 19. Qh7+ Kf8 20. Qh8+
Ng8 21. Nh7+ Ke7 22. Qxg7# 1-0

[Event "Open Nuevo Centro. Jornada 3"]
[Site "Chess.com"]
[Date "2020.07.03"]
[Round "6"]
[White "Garc�a Gim�nez, Santiago"
[Black "Gimenez Saiz, Jose Raul"
[Result "1-0"]
[WhiteElo "1841"]
[BlackElo "1563"]
[PlyCount "35"]
[EventDate "2020.??.??"]
1. e4 d5 2. exd5 Nf6 3. Nc3 Bg4 4. f3 Bf5 5. Bc4 Nbd7 6. d3 Nb6 7. Bb5+ Bd7 8.
Bc4 Nxc4 9. dxc4 g6 10. Nge2 Bg7 11. Be3 O-O 12. Qd2 Re8 13. O-O-O a5 14. a4 c6
15. b3 cxd5 16. Nxd5 Nxd5 17. Qxd5 Qc7 18. Qxd7 1-0

[Event "Open Nuevo Centro. Jornada 3"]
[Site "Chess.com"]
[Date "2020.07.03"]
[Round "6"]
[White "Morata Briones, Carlos"
[Black "Acevedo Noguera, Sara"
[Result "1-0"]
[WhiteElo "927"]
[BlackElo "763"]
[PlyCount "37"]
[EventDate "2020.??.??"]
1. e4 e5 2. Bc4 Nf6 3. Qf3 d6 4. Nh3 Bg4 5. Qg3 Bxh3 6. Qxh3 Nc6 7. Qf3 Nb4 8.
Na3 Qd7 9. d3 d5 10. Bxd5 Nbxd5 11. exd5 Nxd5 12. c3 Bxa3 13. c4 Nb4 14. bxa3
Nc2+ 15. Kd1 Nxa1 16. Bb2 O-O 17. Bxa1 Rfe8 18. Qg3 e4 19. Qxg7# 1-0

[Event "Open Nuevo Centro. Jornada 3"]
[Site "Chess.com"]
[Date "2020.07.03"]
[Round "6"]
[White "Maestre Soler, Sergio"
[Black "Valero Martinez, �scar"
[Result "1-0"]
[WhiteElo "907"]
[BlackElo "945"]
[PlyCount "41"]
[EventDate "2020.??.??"]
1. e4 e5 2. Bc4 Nf6 3. Nc3 Nc6 4. h3 Bc5 5. Nf3 h6 6. Kf1 d6 7. Ke2 Nd4+ 8.
Nxd4 exd4 9. Nd5 Nxe4 10. d3 Ng5 11. Bxg5 h5 12. Bxd8 Kxd8 13. Qd2 Re8+ 14. Kd1
Be6 15. Re1 Bxd5 16. Bxd5 Rf8 17. Bxb7 Rb8 18. Bc6 Rxb2 19. Qe2 Bb4 20. Qe7+
Kc8 21. Qxf8# 1-0

[Event "Open Nuevo Centro. Jornada 3"]
[Site "Chess.com"]
[Date "2020.07.03"]
[Round "6"]
[White "Donate Peris, Jose Manuel"
[Black "Marques Montolio, Luis"
[Result "0-1"]
[WhiteElo "1555"]
[BlackElo "1258"]
[PlyCount "52"]
[EventDate "2020.??.??"]
1. d4 d5 2. c4 c6 3. cxd5 cxd5 4. Nf3 Nc6 5. Nc3 e6 6. a3 Nf6 7. Bg5 Be7 8. e3
a6 9. Bd3 Bd7 10. O-O h6 11. Bh4 Nh5 12. Bxe7 Qxe7 13. Nd2 Nf6 14. Rc1 Rc8 15.
f3 Na5 16. Bb1 b5 17. e4 dxe4 18. Ndxe4 Nxe4 19. fxe4 Nc4 20. Re1 Qg5 21. Qe2
O-O 22. Rcd1 Nxa3 23. Rd3 Nxb1 24. Rg3 Nxc3 25. Rxg5 Nxe2+ 26. Rxe2 hxg5 0-1

[Event "Open Nuevo Centro. Jornada 3"]
[Site "Chess.com"]
[Date "2020.07.03"]
[Round "6"]
[White "Rabbani Perez, Oumaima "
[Black "Sim� Serrano, Javier"
[Result "0-1"]
[WhiteElo "610"]
[BlackElo "761"]
[PlyCount "52"]
[EventDate "2020.??.??"]
1. e3 d5 2. Bd3 g6 3. g3 Bf5 4. Bxf5 gxf5 5. Qf3 e6 6. Qd1 Nf6 7. Nf3 Ne4 8.
Ne5 Bd6 9. Nd3 Nc6 10. Nc3 Nxc3 11. bxc3 Bxg3 12. fxg3 e5 13. Nc5 f4 14. gxf4
exf4 15. exf4 Qe7+ 16. Kf2 Qxc5+ 17. Kf1 Qc4+ 18. d3 Qc5 19. d4 Qc4+ 20. Qd3
Qa4 21. Qc4 Qa5 22. Qb3 Qa6+ 23. Kg2 Rg8+ 24. Kh3 O-O-O 25. Qxd5 Rxd5 26. Bd2
Rh5# 0-1

[Event "Open Nuevo Centro. Jornada 3"]
[Site "Chess.com"]
[Date "2020.07.03"]
[Round "6"]
[White "Pardo Ruiz, Carlos"
[Black "Birnoveanu, Petru"
[Result "0-1"]
[WhiteElo "1802"]
[BlackElo "1680"]
[PlyCount "54"]
[EventDate "2020.??.??"]
1. e4 Nc6 2. d4 e5 3. d5 Nce7 4. Nf3 Ng6 5. c4 Bb4+ 6. Bd2 Bxd2+ 7. Qxd2 d6 8.
Nc3 b6 9. Be2 N8e7 10. O-O O-O 11. b4 a5 12. a3 h6 13. Na4 Bd7 14. Nc3 f5 15.
exf5 Nxf5 16. Ne4 Nf4 17. c5 Nh4 18. Nxh4 Qxh4 19. cxd6 cxd6 20. Nxd6 Qg5 21.
Bf3 Nh3+ 22. Kh1 Qxd2 23. gxh3 Rxf3 24. Kg2 Qf4 25. Rae1 Bxh3+ 26. Kg1 Qg4+ 27.
Kh1 Qg2# 0-1

[Event "Open Nuevo Centro. Jornada 3"]
[Site "Chess.com"]
[Date "2020.07.03"]
[Round "6"]
[White "Galcin Plitnikas, Artiom"
[Black "Montesinos Diaz, Luis"
[Result "0-1"]
[WhiteElo "1276"]
[BlackElo "1806"]
[PlyCount "30"]
[EventDate "2020.??.??"]
1. d4 Nf6 2. Nf3 g6 3. Bf4 Bg7 4. e3 d6 5. Be2 O-O 6. O-O Nc6 7. c3 Qe8 8. Nbd2
e5 9. dxe5 dxe5 10. Bg5 Nd7 11. Qb3 h6 12. Bh4 Kh7 13. e4 Nc5 14. Qc4 b6 15.
Nb3 Ba6 0-1

[Event "Open Nuevo Centro. Jornada 3"]
[Site "Chess.com"]
[Date "2020.07.03"]
[Round "6"]
[White "Mart�nez Cuenca, Jose Andr�s"
[Black "Gukasov, Artem"
[Result "0-1"]
[WhiteElo "1006"]
[BlackElo "1526"]
[PlyCount "45"]
[EventDate "2020.??.??"]
1. e4 e5 2. Qh5 Nf6 3. Qxe5+ Be7 4. Nc3 Nc6 5. Qg3 d6 6. Qxg7 Rg8 7. Qh6 Nd4 8.
Kd1 Ng4 9. Qf4 h5 10. h3 Bg5 11. Qg3 h4 12. Bb5+ c6 13. Qd3 Nxf2+ 14. Ke1 Nxd3+
15. cxd3 Nc2+ 16. Kd1 Nxa1 17. Bc4 d5 18. Bb3 Nxb3 19. axb3 dxe4 20. dxe4 Be6
21. Nf3 Bh6 22. Re1 Qe7 23. Ne5 0-1

[Event "Open Nuevo Centro. Jornada 3"]
[Site "Chess.com"]
[Date "2020.07.03"]
[Round "6"]
[White "SIMARRO PEIR�, ANDR�S"
[Black "Hip�lito Garc�a, Dar�o"
[Result "1-0"]
[WhiteElo "1008"]
[BlackElo "701"]
[PlyCount "35"]
[EventDate "2020.??.??"]
1. e4 c5 2. Nf3 g6 3. Nc3 Bg7 4. Bc4 Nh6 5. d3 O-O 6. Bxh6 Bxh6 7. O-O d5 8.
exd5 Bd7 9. Qe2 Na6 10. Bb3 Nb4 11. a3 Nc6 12. dxc6 Bxc6 13. h3 Qd7 14. Ne5 Qd8
15. Nxc6 bxc6 16. Na4 e6 17. Nxc5 Qf6 18. Nd7 1-0

[Event "Open Nuevo Centro. Jornada 3"]
[Site "Chess.com"]
[Date "2020.07.03"]
[Round "6"]
[White "Macias Pino, Diego"
[Black "Mingarro Carceller, Sergi"
[Result "1-0"]
[WhiteElo "2214"]
[BlackElo "2055"]
[PlyCount "37"]
[EventDate "2020.??.??"]
1. e4 c5 2. Nc3 Nc6 3. Bb5 Nd4 4. Bc4 a6 5. Nf3 g6 6. Nxd4 cxd4 7. Qf3 e6 8.
Ne2 Bg7 9. d3 Ne7 10. O-O b5 11. Bb3 Bb7 12. Qg3 d6 13. f4 O-O 14. Qf2 Nc6 15.
f5 Qd7 16. f6 Bh8 17. Bh6 Rfc8 18. Nxd4 Na5 19. Bxe6 1-0

[Event "Open Nuevo Centro. Jornada 3"]
[Site "Chess.com"]
[Date "2020.07.03"]
[Round "6"]
[White "Martinez Hernandez, Paula"
[Black "Aguado, Pablo Luis"
[Result "1-0"]
[WhiteElo "2047"]
[BlackElo "1859"]
[PlyCount "77"]
[EventDate "2020.??.??"]
1. e4 e5 2. Nf3 Nf6 3. Nc3 Bb4 4. Bc4 O-O 5. d3 c6 6. O-O Bxc3 7. bxc3 d5 8.
exd5 cxd5 9. Bb3 Bg4 10. Bg5 Nc6 11. h3 Bh5 12. g4 Bg6 13. Bxf6 gxf6 14. d4 e4
15. Nh4 Qd6 16. f4 f5 17. gxf5 Qf6 18. Qg4 h5 19. Qg5 Qxg5+ 20. fxg5 Bh7 21.
Bxd5 Kg7 22. Bxe4 Rfe8 23. Bf3 Re3 24. g6 fxg6 25. fxg6 Bxg6 26. Nxg6 Kxg6 27.
Kf2 Rxc3 28. Rg1+ Kf6 29. Be4 Rf8 30. Rg6+ Ke7+ 31. Ke2 Nxd4+ 32. Kd2 Rxh3 33.
Re1 Kd8 34. Rg7 Rf2+ 35. Kc1 Ne2+ 36. Kb2 Re3 37. Rd1+ Kc8 38. Bxb7+ Kb8 39.
Rd8# 1-0

[Event "Open Nuevo Centro. Jornada 3"]
[Site "Chess.com"]
[Date "2020.07.03"]
[Round "6"]
[White "Albentosa Ferrada, Adrian"
[Black "Hip�lito Garc�a, Fabi�n"
[Result "1-0"]
[WhiteElo "961"]
[BlackElo "518"]
[PlyCount "29"]
[EventDate "2020.??.??"]
1. e4 e5 2. Nf3 Nf6 3. Nxe5 Nxe4 4. Nc3 Nxc3 5. dxc3 Bd6 6. Nc4 O-O 7. Qg4 b5
8. Bh6 Qf6 9. Bg5 Qg6 10. Bd3 f5 11. Bxf5 bxc4 12. Bxg6 Bf4 13. Bxf4 Rxf4 14.
Qxf4 hxg6 15. Qxc4+ 1-0

[Event "Open Nuevo Centro. Jornada 3"]
[Site "Chess.com"]
[Date "2020.07.03"]
[Round "6"]
[White "Segarra Martinez, Axel"
[Black "Donate Moreno, Silvia"
[Result "1-0"]
[WhiteElo "2234"]
[BlackElo "1800"]
[PlyCount "51"]
[EventDate "2020.??.??"]
1. e4 c5 2. Nf3 d6 3. d4 cxd4 4. Nxd4 Nf6 5. Nc3 a6 6. h3 e5 7. Nde2 Be7 8. g4
Be6 9. Bg2 Nc6 10. a4 h6 11. Be3 d5 12. Nxd5 O-O 13. Nxe7+ Qxe7 14. c3 b5 15.
O-O Bc4 16. Qc2 Rfd8 17. Rfd1 Qe6 18. axb5 axb5 19. Rxa8 Rxa8 20. Nc1 Ra1 21.
b3 Rxc1 22. Qxc1 Bxb3 23. Rd2 Na5 24. Qa3 Nc6 25. Rd6 b4 26. Qa8+ 1-0

[Event "Open Nuevo Centro. Jornada 3"]
[Site "Chess.com"]
[Date "2020.07.03"]
[Round "6"]
[White "Pardo Ruiz, Beatriz"
[Black "Colomer Martinez, Isabel"
[Result "1-0"]
[WhiteElo "1124"]
[BlackElo "1164"]
[PlyCount "73"]
[EventDate "2020.??.??"]
1. e4 e5 2. Nf3 Nc6 3. Bc4 Bc5 4. Nc3 Nf6 5. d3 O-O 6. Bg5 d6 7. h3 h6 8. Bh4
Re8 9. Nd5 Re6 10. Bxf6 Rxf6 11. Nxf6+ Qxf6 12. O-O Qg6 13. Kh2 Qf6 14. Qe2
Qf4+ 15. Kh1 Bd7 16. Qd2 Qf6 17. a3 g5 18. b4 Bd4 19. Nxd4 Nxd4 20. c3 Nc6 21.
Rfe1 a6 22. Re3 Kg7 23. Rf3 Qe6 24. Bxe6 Bxe6 25. d4 exd4 26. cxd4 d5 27. exd5
Bxd5 28. Qd3 Bxf3 29. Qxf3 Nxd4 30. Qxb7 Re8 31. Qxc7 Nc2 32. Qxc2 f6 33. Qc7+
Kg6 34. g4 h5 35. gxh5+ Kh6 36. Rd1 Kxh5 37. Qh7# 1-0

[Event "Open Nuevo Centro. Jornada 3"]
[Site "Chess.com"]
[Date "2020.07.03"]
[Round "6"]
[White "Yatseta Fernandez, Marc Kazymyr"
[Black "Miranda Calvo, Max Rodrigo"
[Result "1-0"]
[WhiteElo "1580"]
[BlackElo "1237"]
[PlyCount "40"]
[EventDate "2020.??.??"]
1. d4 d5 2. c4 c6 3. Nf3 f6 4. g3 Bg4 5. Bg2 Nd7 6. O-O e5 7. h3 Bh5 8. Be3 Bd6
9. Nbd2 Ne7 10. cxd5 cxd5 11. Rc1 O-O 12. Qb3 e4 13. Nh2 Bf7 14. Qxb7 Qa5 15.
Qb3 Rab8 16. Qc2 Rfc8 17. Qb1 Rxc1 18. Rxc1 Ba3 19. Nb3 Qa6 20. bxa3 Qxa3 1-0

[Event "Open Nuevo Centro. Jornada 3"]
[Site "Chess.com"]
[Date "2020.07.03"]
[Round "6"]
[White "Benday�n Claros, Aaron"
[Black "Gil L�pez, Alejandro"
[Result "0-1"]
[WhiteElo "1887"]
[BlackElo "2158"]
[PlyCount "38"]
[EventDate "2020.??.??"]
1. d4 e5 2. dxe5 d6 3. exd6 Bxd6 4. Nf3 Nc6 5. g3 Bg4 6. Bg2 Qe7 7. O-O O-O-O
8. Nbd2 h5 9. h4 Nf6 10. c3 Bc5 11. b4 Bb6 12. a4 a6 13. b5 Na5 14. Ba3 Qe6 15.
Re1 Ne4 16. Nd4 Rxd4 17. cxd4 Nxf2 18. Kxf2 Bxd4+ 19. Kf1 Qe3 0-1

[Event "Open Nuevo Centro. Jornada 3"]
[Site "Chess.com"]
[Date "2020.07.03"]
[Round "6"]
[White "Lloret Ramis, Juan Jos�"
[Black "Gracia Calvo, Andr�s"
[Result "1-0"]
[WhiteElo "1978"]
[BlackElo "1769"]
[PlyCount "51"]
[EventDate "2020.??.??"]
1. c4 c6 2. Nc3 d5 3. d4 Bf5 4. cxd5 cxd5 5. Qb3 Qb6 6. Qxb6 axb6 7. Nxd5 Nd7
8. Nc7+ Kd8 9. Nxa8 Kc8 10. Bf4 Ngf6 11. Rc1+ Kd8 12. Nc7 e6 13. a3 Ne4 14. f3
Nd6 15. e4 Bg6 16. Nb5 Nc8 17. Bd3 Be7 18. Ne2 Nf6 19. O-O h5 20. Rc7 Ne8 21.
Rxb7 Ned6 22. Nxd6 Nxd6 23. Rb8+ Nc8 24. Rc1 Kd7 25. Bb5+ Kd8 26. Rcxc8# 1-0

[Event "Open Nuevo Centro. Jornada 3"]
[Site "Chess.com"]
[Date "2020.07.03"]
[Round "6"]
[White "Gerona Maura, Jesus"
[Black "Pallardo Lozoya, Jose Vicente"
[Result "0-1"]
[WhiteElo "1811"]
[BlackElo "2220"]
[PlyCount "46"]
[EventDate "2020.??.??"]
1. d4 d5 2. c4 dxc4 3. Nf3 Nf6 4. e3 e6 5. Bxc4 a6 6. O-O c5 7. Qe2 Qc7 8. a4
Nc6 9. Rd1 Be7 10. Nc3 O-O 11. d5 exd5 12. Nxd5 Nxd5 13. Bxd5 Bf6 14. Qc4 Nb4
15. Be4 Be6 16. Qe2 Rad8 17. Ra3 Rxd1+ 18. Qxd1 Rd8 19. Qe2 Bc4 20. Qe1 Bd3 21.
Bxd3 Nxd3 22. Qf1 Nxc1 23. Qxc1 Bxb2 0-1

[Event "Open Nuevo Centro. Jornada 3"]
[Site "Chess.com"]
[Date "2020.07.03"]
[Round "6"]
[White "Rodriguez Rodriguez, Joan David "
[Black "Castellano L�pez, Javier"
[Result "0-1"]
[WhiteElo "1587"]
[BlackElo "1840"]
[PlyCount "52"]
[EventDate "2020.??.??"]
1. d4 Nf6 2. c4 e6 3. Nc3 d5 4. cxd5 exd5 5. Bg5 Be7 6. e3 c6 7. Bd3 O-O 8. Nf3
Nbd7 9. O-O Re8 10. Qc2 h6 11. Bf4 Nf8 12. h3 a6 13. a3 Be6 14. Rac1 Rc8 15.
Rfe1 Bd6 16. Bxd6 Qxd6 17. Ne5 c5 18. Nf3 b5 19. Qd2 N8d7 20. dxc5 Nxc5 21. e4
dxe4 22. Nxe4 Nfxe4 23. Bxe4 Nxe4 24. Rxc8 Nxd2 25. Rxe8+ Kh7 26. Nxd2 Qxd2 0-1

[Event "Open Nuevo Centro. Jornada 3"]
[Site "Chess.com"]
[Date "2020.07.03"]
[Round "6"]
[White "Campos Gambuti, Luis Mar�a"
[Black "Silva Rodriguez, Fernando"
[Result "1-0"]
[WhiteElo "2511"]
[BlackElo "2458"]
[PlyCount "65"]
[EventDate "2020.??.??"]
1. d4 d5 2. Nc3 Nf6 3. Bg5 c5 4. Bxf6 gxf6 5. e4 dxe4 6. dxc5 f5 7. Qxd8+ Kxd8
8. O-O-O+ Bd7 9. g4 Bh6+ 10. Kb1 fxg4 11. h3 g3 12. fxg3 Kc7 13. Nge2 f5 14. g4
Nc6 15. Nd5+ Kc8 16. Ng3 e6 17. Nf6 Rd8 18. Nxd7 Rxd7 19. Bc4 Kc7 20. Rxd7+
Kxd7 21. Rd1+ Ke7 22. gxf5 Ne5 23. Bxe6 e3 24. c3 a5 25. Kc2 a4 26. Rd4 Bg5 27.
Kd1 Ra5 28. Ne4 h6 29. Ke2 Rb5 30. b4 axb3 31. axb3 Ra5 32. b4 Ra2+ 33. Bxa2